| 000 | 00397nam a2200145Ia 4500 | ||
|---|---|---|---|
| 005 | 20240607004210.0 | ||
| 008 | 240331s9999 xx 000 0 und d | ||
| 020 | _a362 | ||
| 082 |
_bWED _a9555720061 |
||
| 245 | 0 |
_aWednesday's children : _bsome case studies of sexually exploited children |
|
| 260 |
_aColombo _bP.E.A.C.E. _c1997 |
||
| 300 | _ax,146 p., | ||
| 700 | _aSeneviratne, M. ed | ||
| 942 | _cL | ||
| 999 |
_c2656 _d2656 |
||